01620 a2200253 4500003000500000005001700005010001600022020001500038040000900053082001400062100002900076245009500105250001100200260005200211300003400263505076900297650005101066650004201117650002001159700003201179942001401211999001901225952012201244Nust20230710111014.0 a 76049552 a0030896770 cNust00a519.5,YOU1 aYoung, Robert K.911347210aIntroductory statistics for the behavioral sciences /cRobert K. Young, Donald J. Veldman. a3d ed. aNew York :bHolt, Rinehart and Winston,cc1977. axii, 594 p. :bill. ;c25 cm. aIntroduction (Page-1), Distributions and Graphs Program (Page-9), Notation Single Summation Program (Page-26), Measures of Central Tendency Program (Page-45), Measures of Variability’s Program (Page-92), Standers Scores (Page-120), Foundations of Statistical Inference Program (Page-127), The Normal Distributions (Page-164), The Standard Error of the Mean Program (Page-203), The Distribution (Page-238), The F Test Comparison of Variances (Page-264), Notations Multiple Summation (Page-295), The T Test Analysis of Variance and the Comparison of Means (Page-315), Double Classification Analysis of Variance (Page-355), Chi Square (Page-387), Correlation (Page-413), Selections the Right Inferential Method (Page-449), Recent Trends in Statistics (Page-481).  0aBehavioral sciencesxProgrammed texts.9113473 0aStatisticsxProgrammed texts.9113474 0aStatistics.9691 aVeldman, Donald J.,9113475 2ddccBKB  c193593d193593 00102ddc4070aMCSbMCScGENd2016-12-12o519.5,YOUpMCS5229r2016-12-08w2016-12-12yBKzAlmirah No.77, Shelf No.1